Principles of marketing / (Record no. 101883)
[ view plain ]
| 000 -LEADER | |
|---|---|
| fixed length control field | 00848cam a2200253 a 4500 |
| 003 - CONTROL NUMBER IDENTIFIER | |
| control field | OSt |
| 005 - DATE AND TIME OF LATEST TRANSACTION | |
| control field | 20240220144145.0 |
| 008 - FIXED-LENGTH DATA ELEMENTS--GENERAL INFORMATION | |
| fixed length control field | |
| 020 ## - INTERNATIONAL STANDARD BOOK NUMBER | |
| International Standard Book Number | 0273644440 (paperback. ) |
| 040 ## - CATALOGING SOURCE | |
| Transcribing agency | NUST |
| Original cataloging agency | NUST |
| Language of cataloging | eng |
| Modifying agency | NUST |
| Description conventions | rda |
| 050 ## - LIBRARY OF CONGRESS CALL NUMBER | |
| Classification number | HF5415 BRA |
| 100 1# - MAIN ENTRY--PERSONAL NAME | |
| Personal name | Brassington, Frances. |
| 245 10 - TITLE STATEMENT | |
| Title | Principles of marketing / |
| Statement of responsibility, etc. | Frances Brassington and Stephen Pettitt. |
| 250 ## - EDITION STATEMENT | |
| Edition statement | Second Edition |
| 260 ## - PUBLICATION, DISTRIBUTION, ETC. | |
| Place of publication, distribution, etc. | Harlow : |
| Name of publisher, distributor, etc. | FT/Prentice Hall, |
| Date of publication, distribution, etc. | ©2000. |
| 300 ## - PHYSICAL DESCRIPTION | |
| Extent | xx, 1079 pages. : |
| Other physical details | col. illustration. ; |
| Dimensions | 27 cm. |
| 336 ## - CONTENT TYPE | |
| Source | rdacontent |
| Content type term | text |
| Content type code | txt |
| 337 ## - MEDIA TYPE | |
| Source | rdamedia |
| Media type term | unmedieted |
| Media type code | n |
| 338 ## - CARRIER TYPE | |
| Source | rdacarrier |
| Carrier type term | volume |
| Carrier type code | nc |
| 504 ## - BIBLIOGRAPHY, ETC. NOTE | |
| Bibliography, etc. note | Includes bibliographical references and index. |
| 650 #0 - SUBJECT ADDED ENTRY--TOPICAL TERM | |
| Topical term or geographic name entry element | Marketing. |
| 700 1# - ADDED ENTRY--PERSONAL NAME | |
| Personal name | Pettitt, Stephen. |
| 942 ## - ADDED ENTRY ELEMENTS (KOHA) | |
| Koha item type | Ordinary Loan Books |
| Call number prefix | HF |
| Call number suffix | BRA |
| Source of classification or shelving scheme | Library of Congress Classification |
| Edition | Second Edition |
| Classification part | HF5415 |
| Suppress in OPAC | No |
| Withdrawn status | Lost status | Source of classification or shelving scheme | Damaged status | Not for loan | Collection | Home library | Current library | Shelving location | Date acquired | Source of acquisition | Cost, normal purchase price | Total Checkouts | Full call number | Barcode | Date last seen | Accession number | Cost, replacement price | Price effective from | Koha item type | Public note |
|---|---|---|---|---|---|---|---|---|---|---|---|---|---|---|---|---|---|---|---|---|
| LCC | NFIC | MAIN | MAIN | GEN | 01/20/2023 | Book Aid International | 29.00 | 48 | HF5415 BRA | 92004014361 | 01/20/2023 | 42835 | 29.00 | 01/20/2023 | BOOKS-SL | Donation | ||||
| LCC | 1 | NFIC | MAIN | MAIN | GEN | 01/20/2023 | Book Aid International | 29.00 | 39 | HF5415 BRA | 92004013643 | 01/20/2023 | 36480 | 29.00 | 01/20/2023 | BOOKS-SL | Donation | |||
| LCC | NFIC | MAIN | MAIN | GEN | 01/23/2023 | Book Aid International | 29.00 | 42 | HF5415 BRA | 92004014023 | 01/23/2023 | 36480 | 29.00 | 01/23/2023 | BOOKS | Donation | ||||
| LCC | NFIC | MAIN | MAIN | GEN | 01/23/2023 | Book Aid International | 29.00 | 25 | HF5415 BRA | 92004013653 | 01/23/2023 | 36451 | 29.00 | 01/23/2023 | BOOKS | Donation | ||||
| LCC | 1 | NFIC | MAIN | MAIN | GEN | 01/23/2023 | Book Aid International | 29.00 | 40 | HF5415 BRA | 92004013974 | 01/23/2023 | 36767 | 29.00 | 01/23/2023 | BOOKS | Donation | |||
| LCC | NFIC | MAIN | MAIN | GEN | 01/23/2023 | Book Aid International | 29.00 | 39 | HF5415 BRA | 92004013957 | 01/23/2023 | 36766 | 29.00 | 01/23/2023 | BOOKS | Donation | ||||
| LCC | NFIC | MAIN | MAIN | GEN | 01/23/2023 | Book Aid International | 29.00 | 15 | HF5415 BRA | 92004013735 | 01/23/2023 | 29.00 | 01/23/2023 | BOOKS | Donation | |||||
| LCC | 1 | NFIC | MAIN | MAIN | GEN | 01/23/2023 | Book Aid International | 29.00 | 35 | HF5415 BRA | 92004013794 | 01/23/2023 | 29.00 | 01/23/2023 | BOOKS | Donation | ||||
| LCC | NFIC | MAIN | MAIN | GEN | 01/23/2023 | Book Aid International | 29.00 | 33 | HF5415 BRA | 92004013779 | 01/23/2023 | 36651 | 29.00 | 01/23/2023 | BOOKS | Donation | ||||
| LCC | 1 | NFIC | MAIN | MAIN | GEN | 01/23/2023 | Book Aid International | 29.00 | 36 | HF5415 BRA | 92004020424 | 01/23/2023 | 42835 | 29.00 | 01/23/2023 | BOOKS | Donation | |||
| LCC | NFIC | MAIN | MAIN | GEN | 01/23/2023 | Book Aid International | 29.00 | HF5415 BRA | 92004015921 | 01/23/2023 | 36717 | 29.00 | 01/23/2023 | BOOKS | Donation | |||||
| lcc | NFIC | MAIN | MAIN | GEN | 01/23/2023 | Book Aid International | 29.00 | 25 | HF5415 BRA | 92004013921 | 01/23/2023 | 80.00 | 01/23/2023 | BOOKS | Donation |